The flickering torch mystery / (Record no. 288164)
[ view plain ]
| 000 -LEADER | |
|---|---|
| fixed length control field | 00492nam a2200157Ia 4500 |
| 008 - FIXED-LENGTH DATA ELEMENTS--GENERAL INFORMATION | |
| fixed length control field | 150610s9999 xx 000 0 und d |
| 020 ## - INTERNATIONAL STANDARD BOOK NUMBER | |
| International Standard Book Number | 044808922X |
| 050 ## - LIBRARY OF CONGRESS CALL NUMBER | |
| Classification number | PS3507 |
| Item number | .I9274 H37 1971 |
| 100 ## - MAIN ENTRY--PERSONAL NAME | |
| Personal name | Dixon, Franklin W. |
| 245 #4 - TITLE STATEMENT | |
| Title | The flickering torch mystery / |
| Statement of responsibility, etc | by Franklin W. Dixon. |
| 260 ## - PUBLICATION, DISTRIBUTION, ETC. (IMPRINT) | |
| Place of publication, distribution, etc | New York : |
| Name of publisher, distributor, etc | Grosset & Dunlap, |
| Date of publication, distribution, etc | 1971. |
| 300 ## - PHYSICAL DESCRIPTION | |
| Extent | 181pages ; |
| Dimensions | 20 cm. |
| 440 ## - SERIES STATEMENT/ADDED ENTRY--TITLE | |
| Title | Hardy boy mystery stories ; 22 |
| 520 ## - SUMMARY, ETC. | |
| Summary, etc | Fiction. |
| 650 ## - SUBJECT ADDED ENTRY--TOPICAL TERM | |
| General subdivision | Detective and mystery stories. |
| Withdrawn status | Lost status | Damaged status | Home library | Current library | Shelving location | Date acquired | Total Checkouts | Full call number | Barcode | Date last seen | Price effective from | Koha item type |
|---|---|---|---|---|---|---|---|---|---|---|---|---|
| Stonyhurst Southville International School (Batangas) | Stonyhurst Southville International School (Batangas) | High School Section | 06/10/2015 | PS3507.I9274 H37 1971 | US-0016 | 06/10/2015 | 06/10/2015 | Books |